00365nam a2200145Ia 4500008004100000020001500041041001200056082001600068100001600084245005600100260003400156300000800190650000800198700001300206221030s9999 xx 000 0 und d a8121917239 aEnglish a105.23bMeh aV. K. Mehta 0aPrinciples of Electronicscby V. K. Mehta, S. Mehta bS.Chand & CoaNew Delhic2002 a581 aECE aS. Mehta